[Event "CN Seniori 2011"]
[Site "Sarata Monteoru"]
[Date "2011.02.18"]
[Round "9.33"]
[White "Pop, Alexandru"]
[Black "Jugaru, Lucian"]
[Result "0-1"]
[WhiteElo "2137"]
[BlackElo "1911"]
[PlyCount "74"]
[EventDate "2011.02.12"]

1. d4 Nf6 2. c4 g6 3. Nc3 Bg7 4. e4 d6 5. f3 O-O 6. Bg5 h6 7. Be3 e5 8. d5 c6
9. Qd2 a6 10. dxc6 bxc6 11. O-O-O Be6 12. Qxd6 Qa5 13. Qc5 Qc7 14. Nd5 Bxd5 15.
cxd5 Nbd7 16. Qc3 Rfc8 17. dxc6 Nb8 18. Kb1 Nxc6 19. Rc1 Qb7 20. Bc4 Rab8 21.
b3 a5 22. Ne2 a4 23. Rhd1 axb3 24. axb3 Bf8 25. Rd3 Nb4 26. Rd2 Nxe4 27. fxe4
Qxe4+ 28. Kb2 Rxc4 29. Qxc4 Qxe3 30. Rd7 Qf2 31. Rcd1 Ra8 32. Ra1 Rxa1 33. Kxa1
e4 34. Kb2 Nd3+ 35. Kb1 Ne5 36. Qd4 Qxe2 37. Qxe5 Bg7 0-1

[Event "CN Seniori 2011"]
[Site "Sarata Monteoru"]
[Date "2011.02.17"]
[Round "8.45"]
[White "Jugaru, Lucian"]
[Black "Palamar, Theodor"]
[Result "1-0"]
[WhiteElo "1911"]
[BlackElo "1772"]
[PlyCount "53"]
[EventDate "2011.02.12"]

1. e4 c5 2. Nf3 d6 3. d4 cxd4 4. Nxd4 Nf6 5. Nc3 a6 6. a4 e5 7. Nb3 Qc7 8. Be2
Be6 9. O-O Be7 10. f4 Nbd7 11. Be3 O-O 12. g4 exf4 13. Rxf4 Ne5 14. Nd5 Bxd5
15. exd5 Rac8 16. Rc1 Nfd7 17. c4 Bg5 18. Re4 Bxe3+ 19. Rxe3 Nc5 20. Nd4 Qa5
21. b3 Qb6 22. Kg2 Rfe8 23. Nf5 a5 24. Qd4 Rcd8 25. g5 Nxa4 26. bxa4 Qxd4 27.
Nxd4 1-0

[Event "CN Seniori 2011"]
[Site "Sarata Monteoru"]
[Date "2011.02.17"]
[Round "7.32"]
[White "Luca,  Ionel"]
[Black "Jugaru, Lucian"]
[Result "1-0"]
[WhiteElo "2160"]
[BlackElo "1911"]
[PlyCount "151"]
[EventDate "2011.02.12"]

1. c4 Nf6 2. Nc3 g6 3. g3 Bg7 4. Bg2 d6 5. d3 O-O 6. Bd2 h6 7. a3 c6 8. Nf3 a5
9. Rb1 e5 10. O-O Na6 11. b4 axb4 12. axb4 Bd7 13. b5 Nc7 14. bxc6 bxc6 15. c5
Nfe8 16. cxd6 Nxd6 17. Ne4 Nxe4 18. dxe4 Ne6 19. Qc1 Kh7 20. Rd1 Qc7 21. Bc3
Rfc8 22. Qe3 Nf8 23. Qc5 f6 24. Qe7 Be6 25. Qc5 Nd7 26. Qd6 Nf8 27. h3 Kg8 28.
Rd2 Qxd6 29. Rxd6 Ra3 30. Bd2 Ra7 31. Rb6 Bd7 32. e3 Ne6 33. Bc3 Bf8 34. Rd1
Nc5 35. Nd2 Na4 36. Ra1 Rcc7 37. Rxa4 Rxa4 38. Bf1 Be6 39. Kg2 Ra3 40. Bb4 Bxb4
41. Rxb4 c5 42. Rb6 Kf7 43. Bc4 Bxc4 44. Nxc4 Ra4 45. Nd6+ Ke7 46. Nb5 Rd7 47.
Nc3 Rb4 48. Rc6 Rc4 49. Nd5+ Rxd5 50. exd5 e4 51. Kf1 Rc2 52. Re6+ Kf7 53. Rxe4
Rd2 54. Rc4 Rxd5 55. e4 Re5 56. f4 Re7 57. Kf2 Rc7 58. Ke3 Ke6 59. Kd3 Ra7 60.
Rxc5 Ra1 61. Rc6+ Kf7 62. Rc3 Rh1 63. h4 Rg1 64. Ke2 Ke6 65. Kf2 Ra1 66. Kf3
Ra6 67. g4 f5 68. gxf5+ gxf5 69. h5 fxe4+ 70. Kxe4 Ra4+ 71. Kf3 Kf5 72. Rc5+
Kf6 73. Kg4 Ra6 74. Rc8 Kf7 75. Rc7+ Kf6 76. Rh7 1-0

[Event "CN Seniori 2011"]
[Site "Sarata Monteoru"]
[Date "2011.02.16"]
[Round "6.32"]
[White "Jugaru, Lucian"]
[Black "Luncasu, Raul-Ionut"]
[Result "1/2-1/2"]
[WhiteElo "1911"]
[BlackElo "2161"]
[PlyCount "65"]
[EventDate "2011.02.12"]

1. e4 c5 2. Nf3 d6 3. d4 cxd4 4. Nxd4 Nf6 5. Nc3 g6 6. Be3 Bg7 7. f3 O-O 8. Qd2
Nc6 9. h4 Nxd4 10. Bxd4 Be6 11. h5 Qa5 12. g4 Rfc8 13. hxg6 hxg6 14. a3 Rab8
15. O-O-O b5 16. Nd5 Qxd2+ 17. Rxd2 Bxd5 18. exd5 a5 19. g5 Nh5 20. Bxg7 Kxg7
21. Bh3 Rh8 22. Bd7 Rb7 23. Bc6 Rb6 24. Bd7 Rb7 25. Bc6 Rb6 26. Bd7 Ng3 27.
Rxh8 Kxh8 28. Rg2 Nf5 29. Re2 Rb7 30. Bc6 Rb6 31. Bd7 Rb7 32. Bc6 Rb8 33. Bd7
1/2-1/2

[Event "CN Seniori 2011"]
[Site "Sarata Monteoru"]
[Date "2011.02.15"]
[Round "5.22"]
[White "Baciu, Stefan"]
[Black "Jugaru, Lucian"]
[Result "1-0"]
[WhiteElo "2236"]
[BlackElo "1911"]
[PlyCount "102"]
[EventDate "2011.02.12"]

1. d4 Nf6 2. Nf3 g6 3. Nbd2 Bg7 4. e4 d6 5. Bd3 O-O 6. O-O Nh5 7. c3 e5 8. dxe5
dxe5 9. Nc4 Nd7 10. Ne3 c6 11. Bc2 Qc7 12. Nc4 b5 13. Qd6 Qxd6 14. Nxd6 Nc5 15.
Nxc8 Rfxc8 16. Be3 Ne6 17. Rfd1 a5 18. Bb3 Nf8 19. a3 c5 20. Bd5 Rab8 21. b4
axb4 22. axb4 Nf4 23. Bxc5 Ne2+ 24. Kf1 Nxc3 25. Rd3 Nxd5 26. Rxd5 Ne6 27. Bd6
Nf4 28. Rdd1 Rb7 29. g3 Ne6 30. Bxe5 Bxe5 31. Nxe5 Ng5 32. Re1 Rc2 33. h4 Ne6
34. Rad1 Kg7 35. Rc1 Nd4 36. Nd3 Rxc1 37. Rxc1 Re7 38. e5 Nb3 39. Rc6 Rd7 40.
Nc5 Rd1+ 41. Kg2 Rc1 42. Rc7 Nxc5 43. bxc5 b4 44. e6 Kf8 45. Rxf7+ Ke8 46. Rxh7
Rxc5 47. Rb7 Re5 48. Rxb4 Rxe6 49. Rb7 Kf8 50. Kh3 Re5 51. f4 Ra5 1-0

[Event "CN Seniori 2011"]
[Site "Sarata Monteoru"]
[Date "2011.02.14"]
[Round "3.29"]
[White "Domanyek, Ernest-Iosif"]
[Black "Jugaru, Lucian"]
[Result "0-1"]
[WhiteElo "2227"]
[BlackElo "1911"]
[PlyCount "48"]
[EventDate "2011.02.12"]

1. e4 c5 2. Nf3 d6 3. d4 cxd4 4. Qxd4 a6 5. Bg5 Qc7 6. Nc3 e6 7. O-O-O Nd7 8.
Nd2 b5 9. Bxb5 axb5 10. Nxb5 Qc6 11. Qc4 Nc5 12. b4 Bd7 13. Nd4 Qa4 14. bxc5
Qa3+ 15. Kb1 Ra4 16. Qd3 Qxd3 17. cxd3 Rxd4 18. Nb3 Rb4 19. d4 dxc5 20. dxc5
Bxc5 21. Rc1 Be7 22. Bxe7 Kxe7 23. Rhd1 Nf6 24. Rc7 Rhb8 0-1

[Event "CN Seniori 2011"]
[Site "Sarata Monteoru"]
[Date "2011.02.14"]
[Round "4.27"]
[White "Jugaru, Lucian"]
[Black "Prundeanu, Horia"]
[Result "1/2-1/2"]
[WhiteElo "1911"]
[BlackElo "2194"]
[PlyCount "21"]
[EventDate "2011.02.12"]

1. e4 d5 2. exd5 Qxd5 3. d4 Nf6 4. c3 Nc6 5. Nf3 e5 6. dxe5 Qxd1+ 7. Kxd1 Ng4
8. Be3 Nxe3+ 9. fxe3 Bg4 10. Kc2 O-O-O 11. Nbd2 1/2-1/2

[Event "CN Seniori 2011"]
[Site "Sarata Monteoru"]
[Date "2011.02.12"]
[Round "1.10"]
[White "Berescu, Alin Mile"]
[Black "Jugaru, Lucian"]
[Result "1/2-1/2"]
[WhiteElo "2476"]
[BlackElo "1911"]
[PlyCount "93"]
[EventDate "2011.02.12"]

1. e4 c5 2. Nf3 d6 3. d4 cxd4 4. Nxd4 Nf6 5. Nc3 a6 6. a4 e6 7. Bc4 Be7 8. O-O
Qc7 9. Qe2 Nc6 10. Be3 Ne5 11. Bb3 Neg4 12. Bd2 d5 13. Nf3 dxe4 14. Nxe4 Nxe4
15. Qxe4 Nf6 16. Qe2 O-O 17. Rfe1 Bd6 18. Bc3 Nd5 19. Bxd5 exd5 20. Rad1 Bg4
21. h3 Bd7 22. Qd3 Bf4 23. Qxd5 Bc6 24. Qd4 f6 25. Rd3 Rad8 26. Qc4+ Kh8 27. a5
Rxd3 28. Qxd3 Rd8 29. Qe2 Bb5 30. Qe6 Bc4 31. Qg4 Bf7 32. Nd4 h5 33. Qf3 Be5
34. Ne2 Bh2+ 35. Kh1 Bd6 36. Nc1 Qc5 37. Nd3 Qg5 38. Qe3 Qg6 39. Qb6 Rd7 40.
Qd4 Qf5 41. Bb4 Bd5 42. Qh4 Qg6 43. Rg1 Bc7 44. Nf4 Bxf4 45. Qxf4 Bc6 46. f3
Qxc2 47. Bc3 1/2-1/2

[Event "COLOSSEUM 84"]
[Site "playchess.com #017390"]
[Date "2010.03.30"]
[Round "8"]
[White "Calin , Remus Vasile"]
[Black "Jugaru, Lucian"]
[Result "1-0"]
[WhiteElo "1740"]
[BlackElo "1877"]
[PlyCount "113"]
[EventDate "2010.03.30"]
[EventType "swiss (blitz)"]

1. d4 {[%emt 0:00:03]} Nf6 {[%emt 0:00:15]} 2. c4 {[%emt 0:00:01]} g6 {
[%emt 0:00:00]} 3. Nc3 {[%emt 0:00:01]} Bg7 {[%emt 0:00:00]} 4. Nf3 {
[%emt 0:00:03]} d6 {[%emt 0:00:00]} 5. Bg5 {[%emt 0:00:02]} O-O {[%emt 0:00:00]
} 6. e3 {[%emt 0:00:00]} Nbd7 {[%emt 0:00:02]} 7. Be2 {[%emt 0:00:01]} h6 {
[%emt 0:00:01]} 8. Bh4 {[%emt 0:00:00]} Qe8 {[%emt 0:00:03]} 9. O-O {
[%emt 0:00:02]} e5 {[%emt 0:00:00]} 10. Rc1 {[%emt 0:00:07]} a5 {[%emt 0:00:05]
} 11. Bg3 {[%emt 0:00:04]} e4 {[%emt 0:00:04]} 12. Ne1 {[%emt 0:00:04]} Qe7 {
[%emt 0:00:11]} 13. Nc2 {[%emt 0:00:02]} c6 {[%emt 0:00:00]} 14. a3 {
[%emt 0:00:01]} d5 {[%emt 0:00:04]} 15. c5 {[%emt 0:00:05]} Ne8 {[%emt 0:00:05]
} 16. Na4 {[%emt 0:00:02]} f5 {[%emt 0:00:03]} 17. h3 {[%emt 0:00:11]} g5 {
[%emt 0:00:04]} 18. Bh5 {[%emt 0:00:00]} f4 {[%emt 0:00:06]} 19. Bh2 {
[%emt 0:00:02]} Qd8 {[%emt 0:00:25]} 20. Bxe8 {[%emt 0:00:06]} Qxe8 {
[%emt 0:00:01]} 21. b3 {[%emt 0:00:06]} Qg6 {[%emt 0:00:02]} 22. Qe2 {
[%emt 0:00:07]} Rf7 {[%emt 0:00:01]} 23. Kh1 {[%emt 0:00:05]} Kh7 {
[%emt 0:00:01]} 24. Rg1 {[%emt 0:00:01]} f3 {[%emt 0:00:11]} 25. gxf3 {
[%emt 0:00:02]} exf3 {[%emt 0:00:01]} 26. Qd2 {[%emt 0:00:03]} Qf5 {
[%emt 0:00:00]} 27. Rg3 {[%emt 0:00:09]} Nf6 {[%emt 0:00:09]} 28. Nb6 {
[%emt 0:00:04]} Ne4 {[%emt 0:00:02]} 29. Qe1 {[%emt 0:00:11]} Nxg3+ {
[%emt 0:00:01]} 30. fxg3 {[%emt 0:00:02]} Qxh3 {[%emt 0:00:03]} 31. Qf1 {
[%emt 0:00:01]} Qh5 {[%emt 0:00:00]} 32. Nxa8 {[%emt 0:00:06]} Bh3 {
[%emt 0:00:00]} 33. Qf2 {[%emt 0:00:02]} Bg2+ {[%emt 0:00:01]} 34. Kg1 {
[%emt 0:00:02]} Qg4 {[%emt 0:00:02]} 35. Ne1 {[%emt 0:00:02]} Qe6 {
[%emt 0:00:03]} 36. Nb6 {[%emt 0:00:04]} Bf6 {[%emt 0:00:00]} 37. Rc2 {
[%emt 0:00:04]} g4 {[%emt 0:00:01]} 38. Nxg2 {[%emt 0:00:02]} Bg5 {
[%emt 0:00:00]} 39. Nf4 {[%emt 0:00:03]} Bxf4 {[%emt 0:00:01]} 40. gxf4 {
[%emt 0:00:02]} Kg6 {[%emt 0:00:00]} 41. Bg3 {[%emt 0:00:02]} Kh7 {
[%emt 0:00:00]} 42. Rc1 {[%emt 0:00:07]} Kg7 {[%emt 0:00:00]} 43. Kf1 {
[%emt 0:00:04]} Rf6 {[%emt 0:00:00]} 44. Ke1 {[%emt 0:00:01]} Qf5 {
[%emt 0:00:01]} 45. Qc2 {[%emt 0:00:01]} h5 {[%emt 0:00:01]} 46. Qxf5 {
[%emt 0:00:02]} Rxf5 {[%emt 0:00:00]} 47. Kf2 {[%emt 0:00:01]} Rf6 {
[%emt 0:00:01]} 48. Rh1 {[%emt 0:00:01]} Rh6 {[%emt 0:00:00]} 49. Rh4 {
[%emt 0:00:01]} Kg6 {[%emt 0:00:00]} 50. Nd7 {[%emt 0:00:00]} Rh7 {
[%emt 0:00:00]} 51. Ne5+ {[%emt 0:00:01]} Kg7 {[%emt 0:00:00]} 52. Nxg4 {
[%emt 0:00:01]} hxg4 {[%emt 0:00:01]} 53. Rxg4+ {[%emt 0:00:01]} Kf7 {
[%emt 0:00:01]} 54. Rh4 {[%emt 0:00:01]} Ke7 {[%emt 0:00:00]} 55. Rxh7+ {
[%emt 0:00:01]} Kd8 {[%emt 0:00:00]} 56. Bh4+ {[%emt 0:00:02]} Kc8 {
[%emt 0:00:00]} 57. Re7 {Time [%emt 0:00:02]} 1-0

[Event "COLOSSEUM 84"]
[Site "playchess.com #017390"]
[Date "2010.03.30"]
[Round "10"]
[White "Dareks69"]
[Black "Jugaru, Lucian"]
[Result "0-1"]
[WhiteElo "1801"]
[BlackElo "1864"]
[PlyCount "106"]
[EventDate "2010.03.30"]
[EventType "swiss (blitz)"]

1. d4 {[%emt 0:00:03]} Nf6 {[%emt 0:00:01]} 2. c4 {[%emt 0:00:01]} g6 {
[%emt 0:00:00]} 3. g3 {[%emt 0:00:01]} Bg7 {[%emt 0:00:00]} 4. Bg2 {
[%emt 0:00:01]} O-O {[%emt 0:00:00]} 5. Nc3 {[%emt 0:00:01]} d6 {[%emt 0:00:00]
} 6. Nf3 {[%emt 0:00:00]} Nbd7 {[%emt 0:00:01]} 7. O-O {[%emt 0:00:01]} c6 {
[%emt 0:00:00]} 8. h3 {[%emt 0:00:01]} e5 {[%emt 0:00:00]} 9. e4 {
[%emt 0:00:02]} h6 {[%emt 0:00:02]} 10. Re1 {[%emt 0:00:02]} a5 {[%emt 0:00:01]
} 11. b3 {[%emt 0:00:01]} Re8 {[%emt 0:00:01]} 12. Be3 {[%emt 0:00:09]} Kh7 {
[%emt 0:00:02]} 13. Rc1 {[%emt 0:00:00]} Nh5 {[%emt 0:00:03]} 14. Na4 {
[%emt 0:00:10]} Qc7 {[%emt 0:00:15]} 15. c5 {[%emt 0:00:09]} dxc5 {
[%emt 0:00:03]} 16. Nxc5 {[%emt 0:00:04]} Nxc5 {[%emt 0:00:02]} 17. Rxc5 {
[%emt 0:00:08]} exd4 {[%emt 0:00:11]} 18. Bxd4 {[%emt 0:00:01]} Rd8 {
[%emt 0:00:07]} 19. Qa1 {[%emt 0:00:03]} Bxd4 {[%emt 0:00:00]} 20. Nxd4 {
[%emt 0:00:02]} Nxg3 {[%emt 0:00:12]} 21. fxg3 {[%emt 0:00:13]} Qxg3 {
[%emt 0:00:02]} 22. Qc3 {[%emt 0:00:01]} Qxc3 {[%emt 0:00:10]} 23. Rxc3 {
[%emt 0:00:02]} Rxd4 {[%emt 0:00:01]} 24. e5 {[%emt 0:00:07]} Be6 {
[%emt 0:00:00]} 25. a3 {[%emt 0:00:16]} Rad8 {[%emt 0:00:03]} 26. Rb1 {
[%emt 0:00:05]} Rd1+ {[%emt 0:00:05]} 27. Rxd1 {[%emt 0:00:02]} Rxd1+ {
[%emt 0:00:00]} 28. Kf2 {[%emt 0:00:01]} Rb1 {[%emt 0:00:03]} 29. b4 {
[%emt 0:00:08]} axb4 {[%emt 0:00:00]} 30. axb4 {[%emt 0:00:01]} Rxb4 {
[%emt 0:00:01]} 31. Kg3 {[%emt 0:00:06]} Rb3 {[%emt 0:00:04]} 32. Rxb3 {
[%emt 0:00:02]} Bxb3 {[%emt 0:00:01]} 33. Kf4 {[%emt 0:00:00]} Be6 {
[%emt 0:00:05]} 34. Ke3 {[%emt 0:00:00]} g5 {[%emt 0:00:00]} 35. Kd4 {
[%emt 0:00:01]} Kg6 {[%emt 0:00:01]} 36. Be4+ {[%emt 0:00:01]} Kh5 {
[%emt 0:00:02]} 37. Kc5 {[%emt 0:00:03]} Kh4 {[%emt 0:00:03]} 38. Kd6 {
[%emt 0:00:00]} Kxh3 {[%emt 0:00:04]} 39. Kc7 {[%emt 0:00:00]} c5 {
[%emt 0:00:00]} 40. Bxb7 {[%emt 0:00:01]} c4 {[%emt 0:00:01]} 41. Be4 {
[%emt 0:00:03]} f5 {[%emt 0:00:05]} 42. exf6 {[%emt 0:00:01]} g4 {
[%emt 0:00:04]} 43. Kd6 {[%emt 0:00:01]} Bf7 {[%emt 0:00:01]} 44. Ke7 {
[%emt 0:00:01]} Bh5 {[%emt 0:00:01]} 45. Kf8 {[%emt 0:00:03]} g3 {
[%emt 0:00:03]} 46. Kg7 {[%emt 0:00:00]} g2 {[%emt 0:00:02]} 47. Bg6 {
[%emt 0:00:00]} g1=Q {[%emt 0:00:04]} 48. Kh8 {[%emt 0:00:10]} Bxg6 {
[%emt 0:00:20]} 49. f7 {[%emt 0:00:00]} Bxf7 {[%emt 0:00:01]} 50. Kh7 {
[%emt 0:00:02]} c3 {[%emt 0:00:08]} 51. Kh8 {[%emt 0:00:02]} c2 {[%emt 0:00:01]
} 52. Kh7 {[%emt 0:00:01]} c1=N {[%emt 0:00:02]} 53. Kh8 {[%emt 0:00:00]} Qg8#
{[%emt 0:00:03]} 0-1

[Event "COLOSSEUM 84"]
[Site "playchess.com #017390"]
[Date "2010.03.30"]
[Round "6"]
[White "Jugaru, Lucian"]
[Black "Cristi_din_Peris"]
[Result "1-0"]
[WhiteElo "1867"]
[BlackElo "1590"]
[PlyCount "83"]
[EventDate "2010.03.30"]
[EventType "swiss (blitz)"]

1. e4 {[%emt 0:00:01]} c6 {[%emt 0:00:01]} 2. d3 {[%emt 0:00:01]} d5 {
[%emt 0:00:00]} 3. Nd2 {[%emt 0:00:00]} dxe4 {[%emt 0:00:02]} 4. dxe4 {
[%emt 0:00:00]} e5 {[%emt 0:00:06]} 5. g3 {[%emt 0:00:01]} Nf6 {[%emt 0:00:04]}
6. Bg2 {[%emt 0:00:01]} Be7 {[%emt 0:00:04]} 7. h3 {[%emt 0:00:01]} Nbd7 {
[%emt 0:00:03]} 8. Ngf3 {[%emt 0:00:01]} Qc7 {[%emt 0:00:04]} 9. O-O {
[%emt 0:00:04]} O-O {[%emt 0:00:01]} 10. c3 {[%emt 0:00:00]} b6 {[%emt 0:00:03]
} 11. a4 {[%emt 0:00:01]} Bb7 {[%emt 0:00:02]} 12. Qc2 {[%emt 0:00:04]} c5 {
[%emt 0:00:03]} 13. Re1 {[%emt 0:00:02]} Rad8 {[%emt 0:00:11]} 14. Nc4 {
[%emt 0:00:01]} Ba6 {[%emt 0:00:00]} 15. Nfd2 {[%emt 0:00:03]} h6 {
[%emt 0:00:12]} 16. Ne3 {[%emt 0:00:02]} g6 {[%emt 0:00:12]} 17. Ndc4 {
[%emt 0:00:06]} Nb8 {[%emt 0:00:09]} 18. a5 {[%emt 0:00:16]} b5 {[%emt 0:00:04]
} 19. Nd2 {[%emt 0:00:01]} Nc6 {[%emt 0:00:03]} 20. Nd5 {[%emt 0:00:12]} Nxd5 {
[%emt 0:00:15]} 21. exd5 {[%emt 0:00:00]} Nb8 {[%emt 0:00:04]} 22. Nb3 {
[%emt 0:00:06]} Bb7 {[%emt 0:00:04]} 23. Bxh6 {[%emt 0:00:04]} Rfe8 {
[%emt 0:00:05]} 24. Rad1 {[%emt 0:00:02]} Bf6 {[%emt 0:00:05]} 25. Be3 {
[%emt 0:00:08]} Nd7 {[%emt 0:00:06]} 26. d6 {[%emt 0:00:05]} Qc8 {
[%emt 0:00:08]} 27. Bxb7 {[%emt 0:00:04]} Qxb7 {[%emt 0:00:01]} 28. Nxc5 {
[%emt 0:00:03]} Qc6 {[%emt 0:00:07]} 29. Nxd7 {[%emt 0:00:02]} Rxd7 {
[%emt 0:00:00]} 30. h4 {[%emt 0:00:05]} Rxd6 {[%emt 0:00:05]} 31. Bxa7 {
[%emt 0:00:06]} Rxd1 {[%emt 0:00:06]} 32. Rxd1 {[%emt 0:00:01]} e4 {
[%emt 0:00:06]} 33. Bd4 {. [%emt 0:00:11]} Qe6 {[%emt 0:00:02]} 34. Bxf6 {
[%emt 0:00:02]} Qxf6 {[%emt 0:00:00]} 35. Qe2 {[%emt 0:00:03]} e3 {
[%emt 0:00:01]} 36. fxe3 {[%emt 0:00:02]} Qf5 {[%emt 0:00:01]} 37. Rf1 {
[%emt 0:00:04]} Qh3 {[%emt 0:00:01]} 38. Qg2 {[%emt 0:00:02]} Qe6 {
[%emt 0:00:01]} 39. e4 {[%emt 0:00:02]} Qxe4 {[%emt 0:00:00]} 40. Qxe4 {
[%emt 0:00:01]} Rxe4 {[%emt 0:00:00]} 41. Ra1 {[%emt 0:00:03]} Re2 {
[%emt 0:00:01]} 42. a6 {Time [%emt 0:00:01]} 1-0

[Event "COLOSSEUM 84"]
[Site "playchess.com #017390"]
[Date "2010.03.30"]
[Round "4"]
[White "Jugaru, Lucian"]
[Black "Marius_din_Cluj"]
[Result "1-0"]
[WhiteElo "1877"]
[BlackElo "1429"]
[PlyCount "77"]
[EventDate "2010.03.30"]
[EventType "swiss (blitz)"]

1. e4 {[%emt 0:00:01]} c5 {[%emt 0:00:05]} 2. Nf3 {[%emt 0:00:04]} e6 {
[%emt 0:00:00]} 3. a3 {[%emt 0:00:03]} d5 {[%emt 0:00:01]} 4. e5 {
[%emt 0:00:04]} Nc6 {[%emt 0:00:04]} 5. c3 {[%emt 0:00:01]} g6 {[%emt 0:00:02]}
6. d4 {[%emt 0:00:00]} cxd4 {[%emt 0:00:02]} 7. cxd4 {[%emt 0:00:00]} Bg7 {
[%emt 0:00:04]} 8. Bb5 {[%emt 0:00:00]} Nge7 {[%emt 0:00:01]} 9. O-O {
[%emt 0:00:01]} O-O {[%emt 0:00:00]} 10. Nc3 {[%emt 0:00:02]} a6 {
[%emt 0:00:01]} 11. Bd3 {[%emt 0:00:05]} f6 {[%emt 0:00:03]} 12. exf6 {
[%emt 0:00:02]} Bxf6 {[%emt 0:00:01]} 13. Bc2 {[%emt 0:00:02]} Qb6 {
[%emt 0:00:03]} 14. Na4 {[%emt 0:00:11]} Qc7 {[%emt 0:00:15]} 15. Nc3 {
[%emt 0:00:05]} Bg7 {[%emt 0:00:05]} 16. Ne2 {[%emt 0:00:11]} e5 {
[%emt 0:00:10]} 17. dxe5 {[%emt 0:00:02]} Bxe5 {[%emt 0:00:03]} 18. Nxe5 {
[%emt 0:00:01]} Qxe5 {[%emt 0:00:01]} 19. Bb3 {[%emt 0:00:21]} Re8 {
[%emt 0:00:00]} 20. Nc3 {[%emt 0:00:03]} Be6 {[%emt 0:00:05]} 21. Re1 {
[%emt 0:00:03]} Qf6 {[%emt 0:00:02]} 22. Rxe6 {[%emt 0:00:02]} Qxe6 {
[%emt 0:00:01]} 23. Nxd5 {[%emt 0:00:03]} Kh8 {[%emt 0:00:06]} 24. Nc7 {
[%emt 0:00:06]} Qf6 {[%emt 0:00:00]} 25. Nxa8 {[%emt 0:00:06]} Rxa8 {
[%emt 0:00:02]} 26. Rb1 {[%emt 0:00:15]} Rd8 {[%emt 0:00:02]} 27. Qf1 {
[%emt 0:00:03]} a5 {[%emt 0:00:05]} 28. Be3 {[%emt 0:00:05]} Nf5 {
[%emt 0:00:13]} 29. Bb6 {[%emt 0:00:02]} Rd2 {[%emt 0:00:00]} 30. Qe1 {
[%emt 0:00:17]} Rxb2 {[%emt 0:00:06]} 31. Rxb2 {[%emt 0:00:31]} Qxb2 {
[%emt 0:00:04]} 32. Qd1 {[%emt 0:00:00]} Kg7 {[%emt 0:00:02]} 33. g4 {
[%emt 0:00:01]} Nh4 {[%emt 0:00:01]} 34. Qd7+ {[%emt 0:00:01]} Kh6 {
[%emt 0:00:00]} 35. Be3+ {[%emt 0:00:02]} g5 {[%emt 0:00:03]} 36. Qd6+ {
[%emt 0:00:01]} Kg7 {[%emt 0:00:01]} 37. Qd7+ {[%emt 0:00:00]} Kf6 {
[%emt 0:00:01]} 38. Qf7+ {[%emt 0:00:00]} Ke5 {[%emt 0:00:01]} 39. Qe6# {
[%emt 0:00:01]} 1-0

[Event "COLOSSEUM 84"]
[Site "playchess.com #017390"]
[Date "2010.03.30"]
[Round "9"]
[White "Jugaru, Lucian"]
[Black "Nabuco2"]
[Result "1-0"]
[WhiteElo "1854"]
[BlackElo "1714"]
[PlyCount "83"]
[EventDate "2010.03.30"]
[EventType "swiss (blitz)"]

1. e4 {[%emt 0:00:01]} e5 {[%emt 0:00:02]} 2. Nf3 {[%emt 0:00:01]} Nc6 {
[%emt 0:00:02]} 3. Bb5 {[%emt 0:00:00]} Bc5 {[%emt 0:00:02]} 4. c3 {
[%emt 0:00:02]} Qf6 {[%emt 0:00:04]} 5. O-O {[%emt 0:00:03]} Nge7 {
[%emt 0:00:02]} 6. a4 {[%emt 0:00:11]} a6 {[%emt 0:00:03]} 7. Bd3 {
[%emt 0:00:02]} O-O {[%emt 0:00:03]} 8. Bc2 {[%emt 0:00:00]} h6 {[%emt 0:00:02]
} 9. b4 {[%emt 0:00:00]} Bb6 {[%emt 0:00:03]} 10. Bb2 {[%emt 0:00:04]} d6 {
[%emt 0:00:05]} 11. b5 {[%emt 0:00:00]} axb5 {[%emt 0:00:06]} 12. axb5 {
[%emt 0:00:00]} Rxa1 {[%emt 0:00:02]} 13. Bxa1 {[%emt 0:00:00]} Nd8 {
[%emt 0:00:01]} 14. d4 {[%emt 0:00:02]} Ne6 {[%emt 0:00:20]} 15. d5 {
[%emt 0:00:11]} Nf4 {[%emt 0:00:11]} 16. g3 {[%emt 0:00:00]} Nh3+ {
[%emt 0:00:21]} 17. Kg2 {[%emt 0:00:02]} Ng6 {[%emt 0:00:07]} 18. c4 {
[%emt 0:00:13]} Bg4 {[%emt 0:00:05]} 19. Nbd2 {[%emt 0:00:03]} Nh4+ {
[%emt 0:00:12]} 20. Nxh4 {[%emt 0:00:18]} Bxd1 {[%emt 0:00:04]} 21. Bxd1 {
[%emt 0:00:00]} Nf4+ {[%emt 0:00:04]} 22. Kh1 {[%emt 0:00:09]} Nd3 {
[%emt 0:00:03]} 23. Kg2 {[%emt 0:00:35]} g6 {[%emt 0:00:06]} 24. Nhf3 {
[%emt 0:00:03]} Ra8 {[%emt 0:00:06]} 25. Be2 {[%emt 0:00:02]} Nc5 {
[%emt 0:00:03]} 26. Bc3 {[%emt 0:00:04]} Ra2 {[%emt 0:00:04]} 27. Bb4 {
[%emt 0:00:10]} Qe7 {[%emt 0:00:03]} 28. Bxc5 {[%emt 0:00:01]} Bxc5 {
[%emt 0:00:02]} 29. Bd3 {[%emt 0:00:01]} Kg7 {[%emt 0:00:00]} 30. Nb3 {
[%emt 0:00:01]} b6 {[%emt 0:00:02]} 31. Nxc5 {[%emt 0:00:01]} bxc5 {
[%emt 0:00:04]} 32. Bb1 {[%emt 0:00:00]} Ra1 {[%emt 0:00:05]} 33. Nd2 {
[%emt 0:00:02]} Qd8 {[%emt 0:00:01]} 34. f4 {[%emt 0:00:01]} Qa8 {
[%emt 0:00:00]} 35. fxe5 {[%emt 0:00:01]} dxe5 {[%emt 0:00:01]} 36. Rf2 {
[%emt 0:00:02]} Qa3 {[%emt 0:00:02]} 37. Bc2 {[%emt 0:00:03]} Qc1 {
[%emt 0:00:02]} 38. Nf3 {[%emt 0:00:04]} Qh1+ {[%emt 0:00:02]} 39. Kh3 {
[%emt 0:00:00]} g5 {[%emt 0:00:00]} 40. Nxg5 {[%emt 0:00:01]} hxg5 {
[%emt 0:00:02]} 41. Bd3 {[%emt 0:00:00]} Kg6 {[%emt 0:00:02]} 42. Kg4 {
Time [%emt 0:00:01]} 1-0